000 00732nam a2200217 u 4500
005 20241112063717.0
008 190405s2010 br r 000 0 por d
020 _a9788579830594
035 _aUPN01000230150
049 _aCG
050 4 _aCT25
_bD6.2
245 0 0 _aDocéncia, pesquisa e aprendizagem :
_b(auto)biografias como espacos de formacáo : investigacáo /
_c[coord.] Dislane Zerbinatti Moraes.
260 _aSao Paulo, Br. :
_bCultura Académica,
_c2010.
300 _a205 p.
440 0 _aArtes de viver, conhecer e formar
650 4 _aMaestros
_xFormación profesional
_zBrasil
_9770
650 4 _aAutobiografía
_947175
700 1 _aZerbinatti Moraes, Dislane,
_ecoord.
905 _aLibro
999 _c202245
_d202245